000 00348nam a22001337a 4500
003 SGT
020 _a817585484X
082 _a181.45
_bP07R
100 _aरामदेव, स्वामी
245 _aप्राणायाम रहस्य
260 _bदिव्य प्रकाशन
_c2007
300 _a68
942 _2ddc
_cBK
999 _c31601
_d31601